000 00815nam a2200277Ia 4500
001 Z_5204
003 CHAP
008 220113s2004 xx 000 0 und d
010 _a168265
040 _cCHAP
090 _aTesis D 1839
100 _aDíaz Becerra, Raúl
_933382
245 _aAnálisis de la S.S.S. "proletarios" como empresa productora de semillas de forrajeras /
_cpor Raúl Díaz Becerra
260 _aChapingo, Méx. :
_bEl autor,
_c2004
300 _a76 h.
502 _aTesis (Ing. Agr. Esp. en Zootecnia) -- UACH. Departamento de Zootecnia
650 _aAgricultura
_xSociedades
_91797
650 _aEmpresas campesinas
_936652
650 _aSemillas forrajeras
_9103942
901 _aTESIS D 1839
902 _aM
910 _a2004
942 _c2
942 _c2
999 _c168265
_d168265